000 00399pam a2200145 a 4500
020 _c
041 _aeng
082 _a050
_bBHA
100 _aBhayan L ED ,
_eAuthor .
245 _aIEEE Trans on Parallel & Distributed Systems Vol - 18 , 2007
_hBound Volumes
260 _a[s.l]:
_bIEEE Computer Society ,
_c2007.
300 _a28*20:
_bHb.
653 _aGeneral serial publications
930 _a16656
999 _c59877
_d59877